[Event "ch-CUB"]
[Site "Holguin City CUB"]
[Date "2002.04.05"]
[Round "5"]
[White "Borges Mateos,J"]
[Black "Vazquez,R"]
[Result "1/2-1/2"]
[WhiteElo "2438"]
[BlackElo "2442"]
[EventDate "2002.03.31"]

1. d4 Nf6 2. c4 g6 3. Nc3 Bg7 4. g3 c6 5. e4 d5 6. e5 Ne4 7. f4 Bf5 8. Bd3
Nxc3 9. bxc3 Bxd3 10. Qxd3 dxc4 11. Qxc4 Qd5 12. Qxd5 cxd5 13. Rb1 b6 14.
Ne2 e6 15. Ba3 Nc6 16. Bb4 Kd7 17. Kd2 h5 18. h3 Bf8 19. Kd3 Bxb4 20. cxb4
b5 21. Rhc1 a5 22. a3 axb4 23. axb4 Ra4 24. Rc5 Nxb4+ 25. Kd2 Ra2+ 26. Kd1
Nd3 27. Rcxb5 Rc8 28. Rb7+ Rc7 29. Rxc7+ Kxc7 30. Nc3 Rg2 31. Rb3 Nf2+ 32.
Ke1 Ne4 33. Nxe4 dxe4 34. Rc3+ Kd7 35. Kf1 Rd2 36. Rc4 h4 37. gxh4 e3 38.
Ke1 Ke7 39. Rc7+ Ke8 40. h5 gxh5 41. Rc8+ Ke7 42. d5 exd5 43. f5 d4 44.
Rc7+ Ke8 45. Rc8+ Kd7 46. Rc4 h4 47. Rc5 Ke7 48. Rc8 d3 49. Rc3 Kd7 50. Rc4
Ke7 51. Rd4 Rf2 52. Rxd3 Rxf5 53. Rd4 Rh5 54. Ke2 Ke6 55. Kxe3 Rxe5+ 56.
Kf4 Rf5+ 57. Kg4 Rf1 58. Kxh4 Ke5 59. Rd7 Ke6 60. Rd3 f5 61. Kg3 1/2-1/2

[Event "ch-CUB"]
[Site "Holguin City CUB"]
[Date "2002.04.05"]
[Round "5"]
[White "Arencibia,W"]
[Black "Herrera,I"]
[Result "1/2-1/2"]
[WhiteElo "2542"]
[BlackElo "2474"]
[EventDate "2002.03.31"]

1. Nf3 Nf6 2. b3 g6 3. Bb2 Bg7 4. g3 c5 5. c4 Nc6 6. Bg2 d6 7. Nc3 e5 8. d3
O-O 9. O-O Ne8 10. a3 a5 11. e3 Nc7 12. Qd2 Be6 13. Na4 b5 14. cxb5 Nxb5
15. Qc2 Rb8 16. Nd2 Qc7 17. Nc4 Ne7 18. Rfc1 Bd5 19. Bxd5 Nxd5 20. Qd2 Ra8
21. Rc2 Rfb8 22. Qd1 Qd8 23. Rb1 Ra7 24. Ba1 Ne7 25. Nc3 Nxc3 26. Bxc3 Nc6
27. e4 d5 28. exd5 Qxd5 29. Qd2 Rd7 30. Nxa5 Nxa5 31. Bxa5 h6 32. Rc4 Qxd3
33. Qxd3 Rxd3 34. b4 Rxa3 35. Rxc5 e4 36. Bc7 Rb7 37. b5 Bd4 38. Rc4 Rd3
39. Kf1 Rd2 40. Ke1 e3 41. fxe3 Bxe3 42. h4 Rh2 43. Rb3 Bb6 44. Bxb6 Rxb6
45. Kd1 Kf8 46. Rc2 Rh1+ 47. Kd2 Rf1 48. Rcb2 Rf5 49. Kc3 Ke7 50. Kc4 Kd6
51. Rd3+ Kc7 52. Rbb3 1/2-1/2

[Event "ch-CUB"]
[Site "Holguin City CUB"]
[Date "2002.04.05"]
[Round "5"]
[White "Dominguez,L"]
[Black "Gongora,M"]
[Result "1/2-1/2"]
[WhiteElo "2594"]
[BlackElo "2408"]
[EventDate "2002.03.31"]

1. e4 c5 2. Nf3 Nc6 3. d4 cxd4 4. Nxd4 Nf6 5. Nc3 e5 6. Ndb5 d6 7. Bg5 a6
8. Na3 b5 9. Nd5 Be7 10. Bxf6 Bxf6 11. c3 Bg5 12. Nc2 Rb8 13. a3 a5 14. Bd3
Ne7 15. Nxe7 Qxe7 16. Qe2 Bd7 17. O-O O-O 18. b4 Rfc8 19. bxa5 Qd8 20. Nb4
Qxa5 21. c4 bxc4 22. Bxc4 g6 23. Rfd1 Ba4 24. Rdb1 1/2-1/2

[Event "ch-CUB"]
[Site "Holguin City CUB"]
[Date "2002.04.05"]
[Round "5"]
[White "Almeida,O"]
[Black "Gomez,Fe"]
[Result "1-0"]
[WhiteElo "2473"]
[BlackElo "2406"]
[EventDate "2002.03.31"]

1. d4 Nf6 2. Nf3 d6 3. c4 Nbd7 4. Nc3 e5 5. e4 Be7 6. g3 O-O 7. Bg2 c6 8.
O-O Re8 9. h3 Bf8 10. Qc2 Qc7 11. Be3 b6 12. Rfd1 Bb7 13. Rac1 Rac8 14. Qb1
Qb8 15. d5 cxd5 16. cxd5 a6 17. a4 Rc7 18. Bf1 Rec8 19. Nd2 h5 20. Be2 g6
21. Kg2 Be7 22. Rc2 Nh7 23. h4 Nhf6 24. f3 Kh7 25. Rh1 Bf8 26. Qf1 Qa8 27.
Nc4 b5 28. axb5 axb5 29. Nxb5 Qa4 30. Nba3 Ne8 31. Rc3 f5 32. Qb1 fxe4 33.
fxe4 Nef6 34. Rhc1 Qb4 35. Nc2 Qb5 36. N2a3 Qa6 37. Bf3 Ng4 38. Bxg4 hxg4
39. b4 Bh6 40. Bxh6 Kxh6 41. Qd3 Nf6 42. b5 Qa8 43. Nxd6 Rxc3 44. Rxc3 Rxc3
45. Qxc3 Bxd5 46. exd5 Qxd5+ 47. Kh2 Qxd6 48. Nc4 Qc5 49. Qe3+ Qxe3 50.
Nxe3 Kh5 51. b6 g5 52. b7 Nd7 53. Nd5 Kg6 54. h5+ Kh6 55. Nf6 Nb8 56. Kg2
1-0

[Event "ch-CUB"]
[Site "Holguin City CUB"]
[Date "2002.04.05"]
[Round "5"]
[White "Abreu,A"]
[Black "Alvarez,Jose"]
[Result "1/2-1/2"]
[WhiteElo "2480"]
[BlackElo "2403"]
[EventDate "2002.03.31"]

1. e4 d6 2. d4 Nf6 3. Nc3 e5 4. dxe5 dxe5 5. Qxd8+ Kxd8 6. Nf3 Bd6 7. Bc4
Ke7 8. Bg5 Nbd7 9. O-O-O Nb6 10. Bb3 h6 11. Bh4 Bg4 1/2-1/2

[Event "ch-CUB"]
[Site "Holguin City CUB"]
[Date "2002.04.05"]
[Round "5"]
[White "Gonzalez,Y"]
[Black "Quezada,Y"]
[Result "1-0"]
[WhiteElo "2444"]
[BlackElo "2411"]
[EventDate "2002.03.31"]

1. e4 c5 2. Nf3 d6 3. d4 cxd4 4. Nxd4 Nf6 5. Nc3 a6 6. Be3 e5 7. Nb3 Be6 8.
f3 Nbd7 9. g4 h6 10. Qd2 Be7 11. O-O-O b5 12. h4 Qc7 13. Kb1 Nb6 14. Qg2 b4
15. Bxb6 Qxb6 16. Nd5 Bxd5 17. exd5 a5 18. f4 a4 19. Nd2 exf4 20. Nc4 Qc5
21. Be2 b3 22. cxb3 axb3 23. a3 Ra4 24. Rc1 O-O 25. Rhd1 Nd7 26. Ne5 Qxc1+
27. Rxc1 Nxe5 28. g5 Rb8 29. gxh6 g6 30. Qh3 Re4 31. h7+ Kg7 32. Qg2 Re3
33. Qf2 Kxh7 34. Bf1 Bf8 35. Qxf4 Bh6 36. Qa4 Rc8 37. Rd1 Rc2 38. h5 Rd2
39. hxg6+ Kxg6 40. Rc1 Bg7 41. Bd3+ Rdxd3 42. Qh4 Rg3 43. Rh1 Rdf3 44. Qh5+
Kf6 45. Qh4+ Rg5 46. Rg1 Rff5 47. Rd1 Nf3 48. Qb4 Rg3 49. Qxd6+ 1-0

[Event "ch-CUB"]
[Site "Holguin City CUB"]
[Date "2002.04.06"]
[Round "6"]
[White "Gongora,M"]
[Black "Nogueiras,J"]
[Result "0-1"]
[WhiteElo "2408"]
[BlackElo "2521"]
[EventDate "2002.03.31"]

1. e4 Nf6 2. e5 Nd5 3. d4 d6 4. Nf3 Bg4 5. Be2 e6 6. c4 Nb6 7. Nc3 Be7 8.
h3 Bh5 9. exd6 cxd6 10. d5 O-O 11. dxe6 fxe6 12. Nd4 Bf7 13. O-O Nc6 14.
Be3 Kh8 15. b3 d5 16. cxd5 exd5 17. Qd2 Nd7 18. Nf5 Nf6 19. Nxe7 Qxe7 20.
Nb5 Ne4 21. Qb2 a6 22. Nd4 Qf6 23. Rac1 Ne7 24. Qa3 Rae8 25. Rc7 Nc6 26.
Nxc6 bxc6 27. Qxa6 d4 28. Rxc6 Qe5 29. Bc1 Bd5 30. Rc2 Nxf2 31. Rxf2 Rxf2
32. Kxf2 Qf5+ 33. Bf4 Qxc2 34. Qd3 Qxa2 35. b4 Bxg2 36. h4 Bh3 37. Bd2 Qf7+
38. Kg3 Bf5 39. Qf3 Qg6+ 40. Kf2 Qd6 41. Kg1 Be4 42. Qf4 Qg6+ 43. Qg5 Qb6
44. Qc5 Qb8 45. Qg5 h6 46. Qf4 Qb6 47. Bh5 Bg6 48. Bf3 d3+ 49. Kg2 Qe6 50.
Kg3 Qe7 51. Bc3 Kh7 52. h5 Be4 53. Bg4 Rf8 54. Qe5 Qxe5+ 55. Bxe5 d2 56.
Bf4 Rd8 57. Bd1 Rd3+ 58. Kf2 Bf3 0-1

[Event "ch-CUB"]
[Site "Holguin City CUB"]
[Date "2002.04.06"]
[Round "6"]
[White "Herrera,I"]
[Black "Dominguez,L"]
[Result "1/2-1/2"]
[WhiteElo "2474"]
[BlackElo "2594"]
[EventDate "2002.03.31"]

1. e4 c5 2. Nf3 d6 3. d4 cxd4 4. Nxd4 Nf6 5. Nc3 a6 6. Bc4 e6 7. Bb3 b5 8.
Bg5 Be7 9. Qf3 Qc7 10. O-O-O Nbd7 11. Rhe1 Nc5 12. Nf5 exf5 13. Bxf6 fxe4
14. Nxe4 O-O 15. Qg3 g6 16. Bxe7 Nxb3+ 17. Qxb3 Qxe7 18. Qc3 f5 19. Nxd6
Qg7 20. Qxg7+ Kxg7 21. Re7+ Kh6 22. f4 g5 23. Nf7+ Kh5 24. Nxg5 h6 25. Nf3
Rg8 26. g3 Kg4 27. Ne5+ Kh3 28. Rd2 Rb8 29. Nf7 Rb7 30. Rxb7 Bxb7 31. Nxh6
Rf8 32. Rd7 Be4 33. Rg7 Kxh2 34. g4 Kg3 35. Nxf5+ Kxf4 36. Nd6 Bd5 37. b3
Rf6 38. Ne8 Rh6 39. g5 Rh2 40. Nf6 Be6 41. Rc7 Rg2 42. Rc6 Ke5 43. Rc5+ Kd4
44. b4 Bxa2 45. Nd7 Bc4 46. Kb2 a5 47. bxa5 b4 48. Rf5 Be6 49. Rf6 Bxd7 50.
Rd6+ Kc5 51. Rxd7 Rxg5 52. a6 Rg6 1/2-1/2

[Event "ch-CUB"]
[Site "Holguin City CUB"]
[Date "2002.04.06"]
[Round "6"]
[White "Vazquez,R"]
[Black "Arencibia,W"]
[Result "0-1"]
[WhiteElo "2442"]
[BlackElo "2542"]
[EventDate "2002.03.31"]

1. e4 e6 2. d4 d5 3. Nc3 Bb4 4. e5 c5 5. a3 Bxc3+ 6. bxc3 Nc6 7. Qg4 g6 8.
Qd1 Qa5 9. Bd2 Qa4 10. Nf3 b6 11. Qb1 Ba6 12. Bxa6 Qxa6 13. a4 cxd4 14.
cxd4 Qc4 15. Qb5 Nge7 16. h4 h6 17. h5 g5 18. c3 O-O-O 19. Nh2 Na5 20. Ng4
Qc7 21. Rh3 Nc4 22. Ne3 Nxe3 23. Rxe3 Nc6 24. a5 Nxa5 25. Rxa5 bxa5 26. c4
Qb6 27. Qa4 dxc4 28. Qxc4+ Kd7 29. d5 exd5 30. Qa4+ Qc6 31. Qxa5 Rb8 32.
Qxa7+ Rb7 33. Qa1 Re8 34. Qd1 Qc4 35. Bc3 Reb8 0-1

[Event "ch-CUB"]
[Site "Holguin City CUB"]
[Date "2002.04.06"]
[Round "6"]
[White "De la Paz,F"]
[Black "Borges Mateos,J"]
[Result "0-1"]
[WhiteElo "2427"]
[BlackElo "2438"]
[EventDate "2002.03.31"]

1. e4 c5 2. Nf3 d6 3. d4 cxd4 4. Nxd4 Nf6 5. Nc3 a6 6. Be3 Nc6 7. f3 e6 8.
g4 h6 9. Qd2 d5 10. O-O-O dxe4 11. Qf2 Qc7 12. Ndb5 axb5 13. Nxb5 Qb8 14.
Bb6 Bb4 15. Kb1 Ba5 16. Nc7+ Qxc7 17. Bxc7 Bxc7 18. h4 Bd7 19. Bb5 O-O-O
20. g5 Ne8 21. fxe4 Nd6 22. Bd3 Ne5 23. Qc5 Nxd3 24. cxd3 Bc6 25. Rc1 hxg5
26. Qxg5 f5 27. Qxg7 fxe4 28. dxe4 Rhg8 29. Qe5 Bxe4+ 30. Ka1 Bxh1 31.
Qxe6+ Kb8 32. Rxh1 Rde8 33. Qd5 Nc8 34. h5 Ne7 35. Qb5 Nc6 36. a3 Rg2 37.
Rc1 Be5 38. Rxc6 Bxb2+ 39. Ka2 Bxa3+ 40. Kxa3 Re3+ 41. Ka4 Ra2+ 0-1

[Event "ch-CUB"]
[Site "Holguin City CUB"]
[Date "2002.04.06"]
[Round "6"]
[White "Vera,R"]
[Black "Perez,Rod"]
[Result "1-0"]
[WhiteElo "2534"]
[BlackElo "2429"]
[EventDate "2002.03.31"]

1. d4 d5 2. c4 c6 3. Nc3 Nf6 4. e3 a6 5. Bd3 b5 6. b3 Bg4 7. Nge2 e6 8. Qc2
Nbd7 9. O-O Bd6 10. Bd2 O-O 11. c5 Bc7 12. f3 Bh5 13. Nf4 Bg6 14. Nxg6 hxg6
15. f4 Nh7 16. e4 dxe4 17. Bxe4 Nb8 18. Ne2 a5 19. Rad1 Nf6 20. Bf3 Nd5 21.
g3 a4 22. b4 a3 23. Rb1 Ra4 24. Rb3 Nd7 25. Rfb1 Qf6 26. Rd3 Rfa8 27. Rbb3
Qd8 28. Qc1 R8a6 29. Rxa3 Qa8 30. Rxa4 Rxa4 31. a3 N7f6 32. Qb2 Bd8 33. Bc1
Nh7 34. h4 Bf6 35. Qb3 Ra7 36. Qd1 Rd7 37. Bb2 Qd8 38. Be4 Be7 39. Qb3 Nhf6
40. Bf3 Qa8 41. Kg2 Ne8 42. Rd1 Bf6 43. Kf2 Ne7 44. Be4 Nd5 45. Qf3 Ne7 46.
Rh1 Kf8 47. g4 Nd5 48. g5 Bd8 49. h5 gxh5 50. Rxh5 Bc7 51. Rh8+ Ke7 52. f5
Rd8 53. fxe6 fxe6 54. Qf8+ Kd7 55. Qf7+ Ne7 56. Bf3 1-0

[Event "ch-CUB"]
[Site "Holguin City CUB"]
[Date "2002.04.06"]
[Round "6"]
[White "Bruzon,L"]
[Black "Quezada,Y"]
[Result "1-0"]
[WhiteElo "2569"]
[BlackElo "2411"]
[EventDate "2002.03.31"]

1. e4 c5 2. Nf3 d6 3. d4 cxd4 4. Nxd4 Nf6 5. Nc3 a6 6. Be3 e5 7. Nb3 Be6 8.
f3 Nbd7 9. g4 h6 10. Qd2 Be7 11. O-O-O b5 12. h4 Qc7 13. Nd5 Bxd5 14. exd5
Nb6 15. Bxb6 Qxb6 16. Kb1 a5 17. a3 O-O 18. Qe1 a4 19. Nc1 b4 20. Qxb4 Qf2
21. g5 Nxd5 22. Qe4 Nc3+ 23. bxc3 Rab8+ 24. Ka2 Rfc8 25. Rd5 Rxc3 26. Bd3
g6 27. Ne2 Rc7 28. Rb1 Rxb1 29. Kxb1 hxg5 30. hxg5 Bxg5 31. Rxd6 Be7 32.
Rc6 Rd7 33. Ka2 Qe1 34. Bc4 1-0

[Event "ch-CUB"]
[Site "Holguin City CUB"]
[Date "2002.04.06"]
[Round "6"]
[White "Alvarez,Jose"]
[Black "Gonzalez,Y"]
[Result "1/2-1/2"]
[WhiteElo "2403"]
[BlackElo "2444"]
[EventDate "2002.03.31"]

1. c4 Nf6 2. g3 e6 3. Nf3 d5 4. b3 Be7 5. Bb2 O-O 6. Bg2 b6 7. O-O Bb7 8.
e3 c5 9. Nc3 Nc6 10. cxd5 exd5 11. d4 cxd4 12. Nxd4 Qd7 13. Nxc6 Bxc6 14.
Qd3 Rfd8 15. Rfd1 Bf8 16. Rac1 Rac8 17. a4 a5 18. Nb5 Bxb5 19. Qxb5 Qxb5
20. axb5 Ne4 21. Rc6 Bc5 22. Rxd5 Nd6 23. Rg5 Ne8 24. Rxc8 Rxc8 25. Bc6 f6
26. Rd5 Nd6 27. Bc3 Kf7 28. Bd4 Bxd4 29. Rxd4 Rd8 30. Kf1 Ke7 31. Ke2 Nf7
32. Rxd8 Nxd8 33. Be4 h6 34. Kd3 Kd6 35. Kc4 Ne6 36. f4 g5 37. Bf5 Nc5 38.
e4 Nb7 39. Kd4 gxf4 40. gxf4 Nc5 41. e5+ fxe5+ 42. fxe5+ Ke7 43. Kc4 Kf7
44. Kd5 Ke7 45. Kc6 Nxb3 46. Kxb6 a4 47. Bc2 Ke6 48. Kc7 Kxe5 49. b6 Nc5
50. Bxa4 Nxa4 51. b7 Nc5 52. Kc6 Nxb7 53. Kxb7 Kf4 54. Kc6 h5 55. Kd5 h4
56. Kd4 Kf3 57. Kd3 h3 58. Kd2 Kf2 59. Kd1 Kg2 60. Ke2 1/2-1/2

[Event "ch-CUB"]
[Site "Holguin City CUB"]
[Date "2002.04.06"]
[Round "6"]
[White "Gomez,Fe"]
[Black "Abreu,A"]
[Result "1/2-1/2"]
[WhiteElo "2406"]
[BlackElo "2480"]
[EventDate "2002.03.31"]

1. d4 d5 2. Nf3 Nf6 3. c4 c6 4. e3 Bf5 5. Bd3 Bxd3 6. Qxd3 e6 7. Nc3 Nbd7
8. O-O Be7 9. e4 dxe4 10. Nxe4 O-O 11. Bf4 Nxe4 12. Qxe4 Qb6 13. Qe2 Rfe8
14. Rad1 a5 15. Qc2 Rad8 16. Rfe1 Nf8 17. Re3 Ng6 18. Bg3 Bf6 19. Rb3 Qa6
20. Rbd3 Qb6 21. h4 Ne7 22. Be5 Bxe5 23. dxe5 h6 24. b3 Rxd3 25. Qxd3 Ng6
26. g3 Ra8 27. h5 Nf8 28. a4 Re8 29. Kf1 Re7 30. Qc3 Rd7 31. Rd6 Qc5 32.
Rd3 Rxd3 33. Qxd3 g6 34. hxg6 Nxg6 35. Qd8+ Kg7 36. Qc7 Qb4 37. Nd4 Nf8 38.
Qd8 Qc3 39. Kg1 Kg8 40. Qh4 Qe1+ 41. Kg2 Qxe5 42. Nf3 Qc3 43. Qxh6 Qxb3 44.
Qg5+ Ng6 45. Qd8+ Kg7 46. Qd4+ Kg8 47. Qd8+ Kg7 48. Qd4+ 1/2-1/2

[Event "ch-CUB"]
[Site "Holguin City CUB"]
[Date "2002.04.06"]
[Round "6"]
[White "Delgado,N"]
[Black "Almeida,O"]
[Result "1-0"]
[WhiteElo "2506"]
[BlackElo "2473"]
[EventDate "2002.03.31"]

1. e4 Nf6 2. e5 Nd5 3. d4 d6 4. Nf3 Bg4 5. Be2 e6 6. c4 Nb6 7. exd6 cxd6 8.
Nc3 Be7 9. h3 Bh5 10. d5 e5 11. g4 Bg6 12. h4 h5 13. g5 Na6 14. Be3 Nb4 15.
Rc1 e4 16. Nd4 Nd3+ 17. Bxd3 exd3 18. b3 Qd7 19. f4 O-O 20. Qf3 Bf5 21.
Nxf5 Qxf5 22. Qe4 Qg4 23. f5 Nd7 24. Kd2 Ne5 25. Qxg4 hxg4 26. Bf4 f6 27.
Bxe5 fxe5 28. Rcf1 Rf7 29. Kxd3 a6 30. Rhg1 1-0

[Event "ch-CUB"]
[Site "Holguin City CUB"]
[Date "2002.04.07"]
[Round "7"]
[White "Borges Mateos,J"]
[Black "Vera,R"]
[Result "1/2-1/2"]
[WhiteElo "2438"]
[BlackElo "2534"]
[EventDate "2002.03.31"]

1. Nf3 d5 2. d4 Nf6 3. c4 e6 4. Nc3 dxc4 5. e3 a6 6. Bxc4 c5 7. O-O b5 8.
Bb3 Bb7 9. Qe2 Nbd7 10. Rd1 Qb8 11. e4 cxd4 12. Rxd4 Bc5 13. Rd3 O-O 14.
Bg5 b4 15. Na4 Bxe4 16. Bxf6 Bxd3 17. Qxd3 Bxf2+ 18. Kxf2 Nxf6 19. Qc4 Rc8
20. Qh4 Rd8 21. Re1 a5 22. Bc4 Ra7 23. b3 Rad7 24. Nb2 h6 1/2-1/2

[Event "ch-CUB"]
[Site "Holguin City CUB"]
[Date "2002.04.07"]
[Round "7"]
[White "Arencibia,W"]
[Black "De la Paz,F"]
[Result "1-0"]
[WhiteElo "2542"]
[BlackElo "2427"]
[EventDate "2002.03.31"]

1. Nf3 Nf6 2. g3 g6 3. Bg2 Bg7 4. O-O O-O 5. d4 d6 6. a4 a5 7. Nc3 c6 8. e4
Nbd7 9. h3 e5 10. Be3 Re8 11. Re1 Qc7 12. Qd2 b6 13. Rad1 Bb7 14. Bh6 Bh8
15. dxe5 dxe5 16. Bf1 Ba6 17. Bxa6 Rxa6 18. Qe3 Nc5 19. Rd2 Raa8 20. Red1
Ne6 21. Qe2 Re7 22. Qc4 Rd7 23. Rxd7 Nxd7 24. Nb5 cxb5 25. Qxc7 Nxc7 26.
Rxd7 Rc8 27. Ng5 bxa4 28. Nxf7 Bf6 29. Nd6 Rd8 30. Rf7 Ne6 31. Rxf6 Rxd6
32. c4 Rd1+ 33. Kh2 Rd6 34. h4 Rc6 35. f4 exf4 36. gxf4 Rxc4 37. Rxe6 Kf7
38. Rxb6 Rxe4 39. Rb5 Rb4 40. Rxa5 Rxb2+ 41. Kg3 Rb3+ 42. Kg4 a3 1-0

[Event "ch-CUB"]
[Site "Holguin City CUB"]
[Date "2002.04.07"]
[Round "7"]
[White "Dominguez,L"]
[Black "Vazquez,R"]
[Result "1-0"]
[WhiteElo "2594"]
[BlackElo "2442"]
[EventDate "2002.03.31"]

1. e4 e5 2. Nf3 Nc6 3. Bb5 a6 4. Ba4 Nf6 5. O-O Be7 6. Re1 b5 7. Bb3 d6 8.
c3 O-O 9. h3 Bb7 10. d4 Re8 11. Nbd2 Bf8 12. a3 Nb8 13. dxe5 dxe5 14. Ng5
Re7 15. Nxf7 Rxf7 16. Nf3 Qxd1 17. Rxd1 c5 18. Be6 Bxe4 19. Nxe5 Raa7 20.
f3 Bg6 21. Rd8 Nfd7 22. Nxg6 hxg6 23. Rc8 Rb7 24. Bf4 Rb6 25. Bd5 g5 26.
Bc7 Rc6 27. Re1 Nf6 28. Bxf7+ Kxf7 29. Rxf8+ Kxf8 30. Bxb8 Kf7 31. Kf1 Nd7
32. Bg3 c4 33. Bf2 Nc5 34. Bxc5 Rxc5 35. Rd1 Ke7 36. Kf2 a5 37. Rd4 Kf6 38.
Rd6+ Ke7 39. Rb6 Re5 40. Kg3 Kf7 41. Kg4 g6 42. f4 gxf4 43. Kxf4 Re2 44.
Rxb5 Rxg2 45. a4 Rh2 46. Rxa5 Rxh3 47. Rb5 Rh1 48. Ke5 Rd1 49. Rb7+ Ke8 50.
Rb4 Rd2 51. a5 Kd7 52. a6 Kc6 53. Ra4 Rd8 54. a7 Kb7 55. a8=Q+ 1-0

[Event "ch-CUB"]
[Site "Holguin City CUB"]
[Date "2002.04.07"]
[Round "7"]
[White "Nogueiras,J"]
[Black "Herrera,I"]
[Result "1-0"]
[WhiteElo "2521"]
[BlackElo "2474"]
[EventDate "2002.03.31"]

1. c4 Nf6 2. Nc3 d5 3. cxd5 Nxd5 4. Nf3 g6 5. Qb3 Nb6 6. d4 Bg7 7. Bg5 Be6
8. Qc2 Nc6 9. Rd1 Nb4 10. Qb1 O-O 11. e3 N4d5 12. Ne4 Bf5 13. a3 Nd7 14.
Bd3 c6 15. O-O Qb6 16. Qc2 a5 17. Rd2 e5 18. dxe5 Nxe5 19. Nxe5 Bxe5 20.
Rfd1 Qc7 21. h3 Bg7 22. Bh4 Be5 23. Nc5 Bxd3 24. Rxd3 Rfe8 25. e4 Nb6 26.
a4 h6 27. f3 g5 28. Bf2 Re7 29. Kh1 Rb8 30. Qb3 Kg7 31. Be3 Ra8 32. Bd4
Bxd4 33. Rxd4 Kh7 34. R4d3 Rae8 35. Qc3 Qg3 36. Rg1 Qe5 37. Qxe5 Rxe5 38.
Rc1 f5 39. Rb3 Nc8 40. Rxb7+ Kg6 41. exf5+ Kxf5 42. Ne4 R8e6 43. Rf7+ Kg6
44. Rc7 Ne7 45. Kh2 h5 46. Rc4 h4 47. Rc5 Rd5 48. Rc1 Rd4 49. b3 Rd5 50.
Kg1 Ree5 51. Kf2 Re6 52. Rc2 Ree5 53. Re2 Re6 54. Nd2 Rxe2+ 55. Kxe2 Kf6
56. Nc4 1-0

[Event "ch-CUB"]
[Site "Holguin City CUB"]
[Date "2002.04.07"]
[Round "7"]
[White "Almeida,O"]
[Black "Gongora,M"]
[Result "1-0"]
[WhiteElo "2473"]
[BlackElo "2408"]
[EventDate "2002.03.31"]

1. d4 Nf6 2. Nf3 e6 3. c4 d5 4. Nc3 Bb4 5. Bg5 dxc4 6. Qa4+ Nc6 7. e4 Bd7
8. Qc2 h6 9. Bd2 Qe7 10. e5 Nd5 11. Bxc4 Nb6 12. Bd3 O-O-O 13. a3 Bxc3 14.
bxc3 g5 15. O-O g4 16. Ne1 f6 17. exf6 Qxf6 18. a4 Nd5 19. Qb2 Nf4 20. Rb1
b6 21. Ba6+ Kb8 22. Bxf4 Qxf4 23. Nd3 Qd6 24. Nc5 e5 25. Nb7 Qf6 26. Nxd8
Rxd8 27. d5 Ne7 28. c4 Qd6 29. a5 Nf5 30. Rfc1 Qc5 31. axb6 axb6 32. Re1
Nd4 33. Rxe5 Rg8 34. Re3 Bf5 35. Rd1 Nf3+ 36. Kh1 Qd6 37. gxf3 gxf3 38. Qe5
Qg6 39. Qg3 Qh7 40. Re7 1-0

[Event "ch-CUB"]
[Site "Holguin City CUB"]
[Date "2002.04.07"]
[Round "7"]
[White "Gonzalez,Y"]
[Black "Gomez,Fe"]
[Result "1-0"]
[WhiteElo "2444"]
[BlackElo "2406"]
[EventDate "2002.03.31"]

1. e4 e5 2. Nf3 Nc6 3. Bc4 Nf6 4. d3 Bc5 5. c3 a6 6. Bb3 Ba7 7. Nbd2 d6 8.
h3 O-O 9. Nf1 d5 10. Qe2 dxe4 11. dxe4 Nh5 12. g3 Nf6 13. g4 Nd7 14. Ne3
Nc5 15. Bc2 a5 16. O-O b6 17. Rd1 Ba6 18. Qe1 Qf6 19. Kg2 Ne7 20. g5 Qe6
21. b4 axb4 22. cxb4 Nb7 23. Nd5 Rac8 24. Bb3 Nxd5 25. b5 1-0

[Event "ch-CUB"]
[Site "Holguin City CUB"]
[Date "2002.04.07"]
[Round "7"]
[White "Quezada,Y"]
[Black "Alvarez,Jose"]
[Result "1-0"]
[WhiteElo "2411"]
[BlackElo "2403"]
[EventDate "2002.03.31"]

1. e4 c5 2. Nf3 Nc6 3. d3 d5 4. Nbd2 Nf6 5. g3 e5 6. Bg2 Be7 7. O-O O-O 8.
c3 Qc7 9. Re1 d4 10. Qe2 Ne8 11. Rf1 Nd6 12. cxd4 cxd4 13. Ne1 Be6 14. f4
f6 15. Ndf3 Rac8 16. f5 Bf7 17. g4 Nb4 18. Bd2 Qb6 19. g5 Bh5 20. g6 Nc4
21. gxh7+ Kh8 22. Kh1 Ne3 23. Rg1 Nbc2 24. Bxe3 Nxe3 25. Qf2 Ng4 26. Qe2
Ne3 27. Bh3 Bb4 28. Qf2 Bxe1 29. Nxe1 Rc7 30. Bg2 Qb5 31. Rb1 Rfc8 32. Bf3
Bf7 33. Ra1 Be8 34. Bd1 Qd7 35. Qg3 Qf7 36. Bb3 Qh5 37. Be6 Rd8 38. Rc1 Bc6
39. Nf3 Kxh7 40. Qg6+ Qxg6 41. fxg6+ Kh6 42. Rg3 Bd7 43. Rh3+ Kxg6 44. Rg1+
1-0

[Event "ch-CUB"]
[Site "Holguin City CUB"]
[Date "2002.04.08"]
[Round "8"]
[White "Gomez,Fe"]
[Black "Quezada,Y"]
[Result "0-1"]
[WhiteElo "2406"]
[BlackElo "2411"]
[EventDate "2002.03.31"]

1. d4 Nf6 2. c4 e6 3. g3 c5 4. d5 exd5 5. cxd5 d6 6. Bg2 g6 7. Nc3 Bg7 8.
Nf3 O-O 9. O-O a6 10. a4 Re8 11. Nd2 Nbd7 12. h3 Rb8 13. a5 b5 14. axb6
Nxb6 15. e4 Qc7 16. Qc2 Nfd7 17. f4 c4 18. e5 dxe5 19. Nde4 f5 20. d6 Qd8
21. fxe5 fxe4 22. Nxe4 Rxe5 23. Bf4 Bb7 24. Bxe5 Nxe5 25. Rad1 Nd3 26. b3
Bxe4 27. Bxe4 Nb2 28. bxc4 Nxd1 29. Rxd1 Qg5 30. c5 Qxg3+ 31. Bg2 Be5 32.
Qa2+ Kg7 33. Qf2 Qh2+ 34. Kf1 Rf8 35. Bf3 Qxh3+ 36. Ke2 Na4 37. Rd3 Nc3+
38. Rxc3 Bxc3 39. Qe3 Qxf3+ 0-1

[Event "ch-CUB"]
[Site "Holguin City CUB"]
[Date "2002.04.08"]
[Round "8"]
[White "Delgado,N"]
[Black "Gonzalez,Y"]
[Result "1-0"]
[WhiteElo "2506"]
[BlackElo "2444"]
[EventDate "2002.03.31"]

1. e4 c6 2. d4 d5 3. e5 Bf5 4. Nf3 e6 5. Be2 c5 6. Be3 Nd7 7. O-O Ne7 8. c4
dxc4 9. Na3 Nd5 10. Nxc4 Be7 11. Qb3 Nxe3 12. Nxe3 Be4 13. d5 Bxf3 14. gxf3
exd5 15. Qxd5 Qc7 16. f4 O-O 17. Qe4 Nb6 18. Bf3 Rab8 19. Kh1 Rfd8 20. Rad1
Qc6 21. Qxc6 bxc6 22. Bxc6 Kf8 23. Kg2 Rbc8 24. Bb5 Rd4 25. Kf3 Rcd8 26.
Rxd4 Rxd4 27. b3 Rd2 28. a4 a5 29. Rc1 g6 30. f5 Bh4 31. Rxc5 Rxf2+ 32. Kg4
Rxh2 33. Rc6 h5+ 34. Kf4 Bd8 35. f6 Rd2 36. Ke4 h4 37. Rc1 h3 38. b4 axb4
39. a5 Nd7 40. a6 Bxf6 41. Rc8+ 1-0

[Event "ch-CUB"]
[Site "Holguin City CUB"]
[Date "2002.04.08"]
[Round "8"]
[White "Gongora,M"]
[Black "Abreu,A"]
[Result "1/2-1/2"]
[WhiteElo "2408"]
[BlackElo "2480"]
[EventDate "2002.03.31"]

1. e4 c5 2. Nf3 d6 3. d4 cxd4 4. Nxd4 Nf6 5. Nc3 a6 6. Be3 Ng4 7. Bc1 Nf6
8. f3 e6 9. Be3 b5 10. Qd2 Nbd7 11. g4 h6 12. O-O-O Bb7 13. h4 b4 14. Na4
Qa5 15. b3 Nc5 16. a3 Rc8 17. Qxb4 Qc7 18. Nxc5 dxc5 19. Qa4+ Nd7 20. Ne2
Bc6 21. Qxa6 Ra8 22. Qc4 Rxa3 23. Kb1 Nb6 24. Qc3 Na4 25. Qc4 Nb6 1/2-1/2

[Event "ch-CUB"]
[Site "Holguin City CUB"]
[Date "2002.04.08"]
[Round "8"]
[White "Herrera,I"]
[Black "Almeida,O"]
[Result "1-0"]
[WhiteElo "2474"]
[BlackElo "2473"]
[EventDate "2002.03.31"]

1. e4 Nf6 2. e5 Nd5 3. d4 d6 4. Nf3 Bg4 5. Be2 c6 6. O-O Bxf3 7. Bxf3 dxe5
8. dxe5 e6 9. Qe2 Nd7 10. c4 Ne7 11. Bf4 Ng6 12. Bg3 Qc7 13. Be4 Bc5 14.
Rd1 O-O-O 15. Bxg6 hxg6 16. Nc3 Be7 17. h3 Rh5 18. a3 Rdh8 19. Ne4 Nxe5 20.
c5 f6 21. b4 Kb8 22. Rd2 Rd8 23. Rxd8+ Qxd8 24. Rd1 Qe8 25. Nd6 Qf8 26. f4
Bxd6 27. Rxd6 Nf7 28. Rxe6 Rh8 29. Re7 Nh6 30. f5+ Ka8 31. fxg6 Nf5 32. Rf7
Qd8 33. Bd6 Rg8 34. Qe6 Nh4 35. b5 Re8 36. bxc6 bxc6 37. Qg4 f5 38. Qa4
Nf3+ 39. Kf2 Qh4+ 40. Qxh4 Nxh4 41. Rxg7 f4 42. Bxf4 Rf8 43. g3 a6 44. gxh4
1-0

[Event "ch-CUB"]
[Site "Holguin City CUB"]
[Date "2002.04.08"]
[Round "8"]
[White "Vazquez,R"]
[Black "Nogueiras,J"]
[Result "1/2-1/2"]
[WhiteElo "2442"]
[BlackElo "2521"]
[EventDate "2002.03.31"]

1. e4 d6 2. d4 g6 3. Nf3 Nf6 4. Bd3 Bg7 5. O-O O-O 6. h3 c6 7. Re1 Nbd7 8.
e5 Ne8 9. exd6 Nxd6 10. Bg5 Nf6 1/2-1/2

[Event "ch-CUB"]
[Site "Holguin City CUB"]
[Date "2002.04.08"]
[Round "8"]
[White "De la Paz,F"]
[Black "Dominguez,L"]
[Result "0-1"]
[WhiteElo "2427"]
[BlackElo "2594"]
[EventDate "2002.03.31"]

1. e4 c5 2. Nf3 d6 3. d4 cxd4 4. Nxd4 Nf6 5. Nc3 a6 6. Bg5 e6 7. f4 Be7 8.
Qf3 Qc7 9. O-O-O Nbd7 10. g4 b5 11. Bxf6 Nxf6 12. g5 Nd7 13. f5 Nc5 14. f6
gxf6 15. gxf6 Bf8 16. Nf5 exf5 17. Nd5 Qa5 18. a3 fxe4 19. Qg3 b4 20. axb4
Qa1+ 21. Kd2 Qxb2 22. bxc5 Qd4+ 23. Ke1 Qxc5 24. Qf4 Bb7 25. Qxe4+ Kd8 26.
c4 Bc6 27. Rb1 Rg8 28. Qxh7 Rg5 29. Qxf7 Re5+ 30. Be2 Bxd5 31. cxd5 Qc3+
32. Kd1 Bh6 0-1